00897nas a2200289 4500001001300000003000900013005001700022007000300039008003400042040005400076041000900130072001300139100001900152100002200171100001800193100002400211100001900235245008000254650001100334650001600345650001000361650003600371650001800407650001200425773010500437856006500542BR2019001894BR-BrBNA20231205132007.0ta230509b bl.|||p| |||| 00| 00por d aBR-BrBNAbporcBiblioteca Nacional de Agricultura a(En) aF30; Q021 aSilva, G.O. da1 aPereira, A. da S.1 aAzevedo, F.Q.1 aCarvalho, A.D.F. de1 aPinheiro, J.B.1 aSelection of Canadian potato clones for agronomic and frying quality traits aBATATA aSELEÇÃO aCLONE aCARACTERÍSTICAS AGRONÔMICAS aPROCESSAMENTO aFRITURA0 tHorticultura Brasileira (Brazil)xISSN 1806-9991 g(Oct-Dec 2019), v. 37(4) p. 423-428wBR201900189440uhttp://www.scielo.br/pdf/hb/v37n4/1806-9991-hb-37-04-423.pdf